00814nam a2200205 a 450000100100000000500170001000800410002702000150006804000250008310000260010824500920013426000720022630000280029849000290032670000340035571000610038983000360045095201050048699900170059100004110020201002034623.0130917s1997 sp a 001 0 spa d a8400070887 aDO-SdBNPbspacBNPHU1 aQuilis,Antonio92848110aCurso de fonética y fonología españolas /cAntonio Quilis, Joseph A. Fernández. aMadrid :bConsejo Superior de Investigaciones Científicas,c1997. a221 p. :bil. ;c28 cm.1 aTextos Universitariosv41 aFernández, Joseph A.9676292 aConsejo Superior de Investigaciones Científicas,94786 0aTextos Universitariosn4967630 001050718MOaGRbGRcCTd2013-09-17iLF1l0o p41100-10r2020-06-25w2020-06-25y1ZNo se presta c40590d40590